George Boggs' World Animal Alphabet - Statistics

General Stats
  • This quiz has been taken 7 times
  • The average score is 16 of 26
Answer Stats
Picture Hint Answer % Correct
A Ant
80%
B Butterfly
80%
C Camel
80%
D Duck
80%
E Elephant
80%
F Fox
80%
G Gorilla
80%
J Jaguar
80%
K Koala
80%
L Lion
80%
M Monkey
80%
S Sea Lion
80%
H Hippopotamus
60%
I Iguana
60%
O Otter
60%
P Panda
60%
Z Zebra
60%
N Naked Mole Rat
40%
Q Quail
40%
R Rhinoceros
40%
T Toucan
40%
V Vulture
40%
W Wildebeest
40%
X X-Ray Fish
40%
Y Yak
40%
U Umbrella Bird
20%
No matching quizzes found
Score Distribution
Percent of People with Each Score
Percentile by Number Answered
Your Score History
You have not taken this quiz